00211 a2200109 4500001000700000020000600007040001100013100002300024240002500047245002000072362000900092179360 a  cMagnum aBueno, Maria Celia10aTempo de poesialpor10aTempo de poesia0 a1899